Statistics for Guess the Spanish-Speaking Country

Click here to take the quiz!

General Stats

  • This quiz has been taken 88 times
  • The average score is 12 of 15

Answer Stats

HintSpanish-Speaking Country% Correct
Most Populous Spanish-Speaking CountryMexico
97%
Country where Spanish Originated inSpain
90%
Only Spanish Speaking Country that borders HaitiDominican Republic
88%
Two Spanish-Speaking South American Countries that are landlockedParaguay
85%
Largest Spanish-Speaking Country (By area)Argentina
83%
Second Most Populous Spanish-Speaking CountryColombia
83%
Bolivia
82%
Southernmost Spanish-Speaking CountryChile
82%
Spanish-Speaking Country which is home to the ancient village, "Machu Picchu"Peru
81%
Only Spanish-Speaking Country that borders the answer to #1Guatemala
79%
Spanish-Speaking Country that has a capital named "San Salvador"El Salvador
78%
Spanish-Speaking Country which has the largest oil reserves in the worldVenezuela
78%
Only Communist Spanish-Speaking CountryCuba
74%
Spanish-Speaking Country that has a capital named "Quito"Ecuador
74%
Only Spanish-Speaking Country located in AfricaEquatorial Guinea
68%

Score Distribution

Percentile by Number Answered

Percent of People with Each Score

Your Score History

You have not taken this quiz